000 00916nmc a2200313 a 4500
003 AR-BaBNM
005 20251128203028.0
008 027019s1991 ||||||||||||||000 | spa||
040 _cAR-BaBNM
100 1 _aCunietti-Ferrando, Arnaldo José
_d1936-
245 1 0 _aSan José de Flores
_bun pueblo a dos leguas de la ciudad
260 _aBuenos Aires
_bFundación Banco de Boston
_c1991
300 0 _a58 p.
_bláms.
490 0 _aCuadernos del águila
_vv. 15
500 0 _aContiene referencias bibliográficas en p. 57
650 4 _aCOSTUMBRES Y TRADICIONES
650 4 _aMONUMENTOS HISTORICOS
650 4 _aHISTORIA DE BUENOS AIRES
650 4 _aBIENES CULTURALES
650 4 _aARQUITECTURA
650 4 _aURBANISMO
650 4 _aEDIFICIOS
650 4 _aVIDA SOCIAL
650 4 _aVIDA CULTURAL
650 4 _aBARRIOS
651 4 _aBuenos Aires [Capital Federal]
942 _cBK
998 _cMARTIN
999 _c1581
_d1581